000 00730nam a22002057a 4500
999 _c159380
_d159380
005 20211006111814.0
010 _aENG-124541
020 _c325.00
_a9789352807581
035 _a EN-108073
037 _bDBAD/PUB.
082 _a320.80954
100 _aChakrabarty, Bidyut
245 _aLocal governance in india /
_cby Bidyut Chakrabarty
260 _aNew Delhi
_bSage Publications India Pvt. Ltd.
_c201
270 _aB1/I-1, Mohan Cooperative Industrial Area Mathura Road Post Bag 7
_bNew Delhi
_e110044
300 _axxix,214p., C-1, B-1, I-1p.
_c25cm.(pbk)
500 _aIt includes conclusion, bibliographical notes and index
700 _a Pandey, Rajendra Kumar
942 _2ddc
_cEN
_mCHA
_h320.80954